000 01234nam a2200325 i 4500
001 197000
003 ES-VlRAB
005 20250810063100.0
008 250218s1986 sp 000 0 spa d
017 _aS 451-1995
_bOficina Depósito Legal Salamanca
020 _a8430109943
_qObra completa
020 _a8430109935
_qTomo I
040 _aVA-BCL,
_bspa
_cES-MaACL
080 _a232.9
100 1 _aMartín Descalzo, José Luis,
_d1930-1991
_977470
_eaut
245 1 0 _aVida y misterio de Jesús de Nazaret I :
_blos comienzos /
_cJosé Luis Martín Descalzo.
260 _aSalamanca :
_bSígueme,
_c1986-
300 _a347 páginas ;
_c21 cm.
336 _2rdacontent
_atexto
337 _2rdamedia
_asin mediación
338 _2rdacarrier
_avolumen
490 1 _aNueva Alianza ;
_v103
505 1 _aContiene: I. Los comienzos (347 páginas)
600 0 7 _aJesucristo-
_xBiografías
_9140032
852 _aES-MaACL
_cDEPOJ
_jN-10372
_xEncuadernación rústica con solapas
_9206494
_hDonación: Editorial
942 _cMONOGRAFIA
_n0
999 _c197000
_d197000